• 首页
  • 本馆介绍
  • 公告通知
  • 最新文献
  • 馆藏检索
  • 电子资源
  • 读者导购
  • 参考咨询
  • 我的图书馆
  • 登录
  • 详细信息显示
  • 放入我的书架
  • 预约/预借图书
  • 作者相关作品
  • 分类相关作品
  • 丛书相关作品
  • 出版社相关作品

书目信息

  • 表格格式
  • 工作单格式
  • 卡片格式
题名:
程序员的修炼
    
 
作者: 阿特伍德 著 ;陆其明 , 杨溢 译
分册:  
出版信息: 北京   人民邮电出版社  2014.5
页数: 207页
开本: 24cm
丛书名:
单 册:
中图分类: TP311.1
科图分类:
主题词: 程序设计
电子资源:
ISBN: 978-7-115-34782-4
000 01052nam0 2200277 450
001 0400003983
005 20171023090236.0
010    @a978-7-115-34782-4@dCNY45.00
100    @a20140721e20162014em y0chiy50 ea
101 1  @achi@ceng
102    @aCN@b110000
105    @aa z 000yy
106    @ar
200 1  @a程序员的修炼@9cheng xu yuan de xiu lian@e从优秀到卓越@dHow to stop sucking and be awesome instead@f(美)Jeff Atwood著@g陆其明,杨溢译@zeng
210    @a北京@c人民邮电出版社@d2014.5@h2016.10
215    @a207页@c照片,图@d24cm
305    @aHyperink授权出版
330    @a本书是《高效能程序员的修炼》的姊妹篇。共8章,涵盖了时间管理、编程方法、Web设计、测试、用户需求、互联网、游戏编程以及技术阅读等方面的话题。
510 1  @aHow to stop sucking and be awesome instead@zeng
606 0  @a程序设计
690    @aTP311.1@v5
701  0 @c(美)@a阿特伍德@9a te wu de@c(Atwood, Jeff)@4著
702  0 @a陆其明@9lu qi ming@c(计算机)@4译
702  0 @a杨溢@9yang yi@4译
801  0 @aCN@b91MARC@c20171023
905    @b1027561-5@dTP311.1@f5@e1120
    
    程序员的修炼:从优秀到卓越=How to stop sucking and be awesome instead/(美)Jeff Atwood著/陆其明,杨溢译.-北京:人民邮电出版社,2014.5(2016.10)
    207页:照片,图;24cm
    
    
    ISBN 978-7-115-34782-4:CNY45.00
    本书是《高效能程序员的修炼》的姊妹篇。共8章,涵盖了时间管理、编程方法、Web设计、测试、用户需求、互联网、游戏编程以及技术阅读等方面的话题。
●
相关链接 在E读中查询图书 在五车中查询图书 在当当中查询图书 在豆瓣中查询图书


正题名:程序员的修炼     索取号:TP311.1/1120         预约/预借

序号 登录号 条形码 馆藏地/架位号 状态 备注
1 1027561   210275619   第二样本阅览室/ [索取号:TP311.1/1120] 在馆    
2 1027562   210275628   第三借阅区/ [索取号:TP311.1/1120] 在馆    
3 1027563   210275637   第三借阅区/ [索取号:TP311.1/1120] 在馆    
4 1027564   210275646   第三借阅区/ [索取号:TP311.1/1120] 在馆    
5 1027565   210275655   密集书库—计算机科学学院/ [索取号:TP311.1/1120] 在馆    
唐山师范学院图书馆 欢迎您!
大连网信软件有限公司© 版权所有